00857nas a2200229 4500000000100000008004100001260001300042653001800055653001200073653001100085653001200096653001700108100001700125700001800142700001600160245005200176300001000228490000700238050003200245520033600277022001400613 1979 d c1979 Oct10aAscorbic Acid10aDapsone10aHumans10aleprosy10aTime Factors1 aVenkatesan K1 aBharadwaj V P1 aGirdhar B K00aEffect of ascorbic acid on blood levels of DDS. a511-40 v51 aInfolep Library - available3 a
A study was undertaken to probe into the influence of ascorbic acid on the absorption and metabolism of administered DDS in leprosy patients. Vit 'C' supplementation did not generally exhibit any effect on blood levels DDS except in cases of BB and LL where only 8 hrs DDS values showed a statistically significant increase.
a0024-1024